Miasto w Polsce według dzielnic - Statystyki

Ogólne statystyki
  • Ten quiz został rozwiązany 62 razy
    61 od ostatniego zresetowania
  • Średni wynik to 11 z 30
Statystyki odpowiedzi
Hint Odpowiedź % Poprawnych
Wawer, Bemowo, Praga-Południe Warszawa
92%
Bałuty, Widzew, Polesie Łódź
86%
Miechowice, Szombierki, Rozbark Bytom
65%
Psie Pole, Gaj, Strachowice Wrocław
65%
Krzyżowniki-Smochowice, Jeżyce, Rataje Poznań
63%
Zawisza, Bocianowo, Miedzyń Bydgoszcz
61%
Ostatni Grosz, Podjasnogórska, Wyczerpy-Aniołów Częstochowa
59%
Podgórze Duchackie, Krowodrza, Mistrzejowice Kraków
57%
Wapienica, Żywieckie Przedmieście, Obszary Bielsko-Biała
55%
Giszowiec, Ligota-Panewniki, Załęże Katowice
55%
Karwiny, Babie Doły, Wzgórze św. Maksymiliana Gdynia
45%
Siedlce, Letnica, Przymorze Małe Gdańsk
39%
Zielone Wzgórza, Jaroszówka, Dojlidy Białystok
37%
Dajtki, Pojezierze, Osiedle Generałów Olsztyn
33%
Koniuchy, Rubinkowo, Chełmińskie Przedmieście Toruń
33%
Nowy Bytom, Halemba, Kochłowice Ruda Śląska
31%
Gocław, Skolwin, Warszewo Szczecin
29%
Sośnica, Sikornik, Ligota Zabrska Gliwice
27%
Środula, Milowice, Pogoń Sosnowiec
24%
Helenka, Zandka, Makoszowy Zabrze
24%
Reden, Ratanice, Kuźniczka Nowa Dąbrowa Górnicza
20%
Kalinowszczyzna, Sławin, Sławinek Lublin
20%
Golejów, Kamień, Niedobczyce Rybnik
20%
Zakanale, Janice, Baczyna Gorzów Wielkopolski
18%
Krzanowice, Kolonia Gosławicka, Bierkowice Opole
16%
Jeleniów, Racula, Barcikowice Zielona Góra
14%
Słowik, Wietrzna, Ostra Górka Kielce
10%
Zwięczyca, Słocina, Miłocin Rzeszów
10%
Wilkowyje, Zawiść, Czułów Tychy
8%
Gołębiów, Krzewień, Idalin Radom
6%
Nie znaleziono quizów pasujących do podanych kryteriów
Rozkład punktacji
Procent ludzi z każdym wynikiem
Percentyl według liczby udzielonych odpowiedzi
Twoja historia wyników
Nie rozwiązałeś tego quizu od ostatniego zresetowania